La cantante calva: antipieza

I tiakina i:
Ngā taipitopito rārangi puna kōrero
Kaituhi matua: Ionesco, Eugène (Author)
Hōputu: Pukapuka
Reo:Pāniora
I whakaputaina: Madrid Alianza 1982
Putanga:1a. ed
Rangatū:El Libro de Bolsillo Alianza, 926
Ngā marau:
Ngā Tūtohu: Tāpirihia he Tūtohu
Kāore He Tūtohu, Me noho koe te mea tuatahi ki te tūtohu i tēnei pūkete!

MARC

LEADER 00000cam a2200000 a 4500
001 UCX4011
003 CL-VaPUC
008 920311e19820000SP |||||||||||||||||spa|d
020 |a 8420619264 
082 0 4 |a 842  |b ION  |2 21 
100 |a Ionesco, Eugène  |e author  |9 318943 
245 1 3 |a La cantante calva: antipieza 
250 |a 1a. ed 
300 |a 101 p 
942 |c BK 
945 |d 19920311 00:00:00 
260 |a Madrid  |b Alianza  |c 1982 
650 7 |a DRAMAS FRANCESES  |2 CL-VaPUC  |9 267189 
583 |a last modification  |c 20170327 10:08:46  |k Rodrigo Vera 
490 0 |a El Libro de Bolsillo Alianza, 926 
999 |c 224606  |d 224604 
952 |0 0  |1 0  |4 0  |6 842_000000000000000_ION_1982  |7 0  |8 A  |9 221353  |a BIBEDU  |b BIBEDU  |d 2019-11-15  |i 2901404  |o 842 ION 1982  |p 2901404  |r 2019-11-15  |w 2019-11-15  |y BK  |k LIT 
952 |0 0  |1 0  |4 0  |6 842_000000000000000_ION_1982  |7 0  |8 A  |9 221354  |a BIBEDU  |b BIBEDU  |d 2019-11-15  |i 2901412  |o 842 ION 1982  |p 2901412  |r 2019-11-15  |w 2019-11-15  |y BK  |k LIT 
952 |0 0  |1 0  |3 erb  |4 0  |6 842_000000000000000_ION_1982  |7 0  |8 A  |9 221355  |a BIBART  |b BIBART  |i 5239664  |o 842 ION 1982  |p 5239664  |r 2025-03-13  |w 2019-11-15  |y BK  |z Catalogado en:20170331  |k ART